| 000 | 00633nam a2200217Ia 4500 | ||
|---|---|---|---|
| 003 | OSt | ||
| 005 | 20250902111144.0 | ||
| 008 | 220917b |||||||| |||| 00| 0 eng d | ||
| 037 | _cTB | ||
| 040 |
_aARTS _cARTS _beng |
||
| 041 |
_2eng _aeng |
||
| 084 |
_aSigma:f P2 _qAL |
||
| 100 |
_aEzzy Douglas _9143951 |
||
| 245 | 0 |
_aQualitative analysis _b Practice and innovation |
|
| 260 |
_aLondon _bRoutledge _c2002 |
||
| 300 |
_axvii, 190p _ccm. |
||
| 490 | _aSocial research today | ||
| 650 |
_aSOCIAL SCIENCES; RESEARCH METHODS _94097 |
||
| 942 |
_hSigma:f P2 _cTB _2CC _n0 |
||
| 999 |
_c276354 _d276354 |
||